000 00571nam a2200181Ia 4500
008 100920s9999 xx 000 0 und d
082 _b40317
_a28 व 891,461 थ 66
100 _aशर्मा सुरेश.
245 _aदीपशिखा.
260 _bचित्रशाळा प्रकाशन.पुणे2.
_c1966
300 _a69
_bसाधी
365 _b1.25
520 _aबा.वि.पद्य.
630 _aदीपशिखा.
650 _aबा.वि.पद्य.
730 _aदीपशिखा.
942 _cBOOK
999 _c691441
_d691438